[Event "VIE-chT"]
[Site "Hanoi"]
[Date "2023.04.23"]
[Round "9"]
[White "Hoang, Anh Kiet"]
[Black "Tran, Thien Bao"]
[Result "1/2-1/2"]
[WhiteElo "1956"]
[BlackElo "1973"]
[PlyCount "126"]
[EventDate "2023.04.18"]
[EventType "swiss"]
[EventRounds "9"]
[EventCountry "VIE"]
[SourceTitle "EXT 2024"]
[Source "ChessBase"]
[SourceDate "2023.10.10"]
[SourceVersion "1"]
[SourceVersionDate "2023.10.10"]
[SourceQuality "1"]

1. d4 Nf6 2. c4 g6 3. e3 Bg7 4. Nc3 0-0 5. Nf3 d5 6. Be2 c6 7. 0-0 Bf5 8. b3 Ne4 9. Bb2 Nxc3 10. Bxc3 e6 11. Bd3 Bxd3 12. Qxd3 Nd7 13. Rac1 Rc8 14. Qd2 c5 15. cxd5 exd5 16. dxc5 Nxc5 17. Bxg7 Re8 18. Bd4 b6 19. Bxc5 bxc5 20. Rfd1 c4 21. bxc4 dxc4 22. Qxd8 Rexd8 23. Rxd8+ Rxd8 24. Nd4 Rc8 25. Nb5 Rc5 26. Nxa7 Ra5 27. Nc8 Rxa2 28. g3 Ra8 29. Nd6 Kg7 30. Rxc4 Ra1+ 31. Kg2 Rd1 32. Rd4 Rc1 33. Ne4 Ra1 34. Ng5 h6 35. Nf3 Rb1 36. h4 Rb5 37. e4 Ra5 38. Rd5 Ra4 39. Rd7 Rxe4 40. Nd4 Re5 41. h5 Rxh5 42. Nc6 Rf5 43. Nd8 Rf6 44. f3 g5 45. g4 Kg6 46. Nb7 Rf4 47. Rd6+ Kg7 48. Nc5 Rc4 49. Ne4 Ra4 50. Ng3 Ra2+ 51. Kh3 Ra1 52. Nf5+ Kh7 53. Rxh6+ Kg8 54. Rb6 Ra3 55. Rb7 Rxf3+ 56. Kg2 Rf4 57. Kg3 Rf1 58. Rb5 Rc1 59. Nd6 Rg1+ 60. Kf3 f6 61. Rf5 Kg7 62. Ne8+ Kf7 63. Nxf6 Kg6 1/2-1/2

[Event "VIE-chT"]
[Site "Hanoi"]
[Date "2023.04.22"]
[Round "8"]
[White "Tran, Thien Bao"]
[Black "Dam, Quoc Bao"]
[Result "0-1"]
[WhiteElo "1973"]
[BlackElo "1335"]
[PlyCount "72"]
[EventDate "2023.04.18"]
[EventType "swiss"]
[EventRounds "9"]
[EventCountry "VIE"]
[SourceTitle "EXT 2024"]
[Source "ChessBase"]
[SourceDate "2023.10.10"]
[SourceVersion "1"]
[SourceVersionDate "2023.10.10"]
[SourceQuality "1"]

1. d4 d6 2. c4 c6 3. Nc3 Qc7 4. Bf4 e5 5. Bg3 Bg4 6. dxe5 dxe5 7. Qc2 Nf6 8. e3 Nbd7 9. Be2 Bxe2 10. Ngxe2 Be7 11. 0-0 Nh5 12. Qf5 Nxg3 13. fxg3 f6 14. Rad1 0-0-0 15. Ne4 Kb8 16. N2c3 Nc5 17. Qf2 Rxd1 18. Rxd1 Rd8 19. Qc2 g6 20. Nf2 Ne6 21. Nd3 Qb6 22. Kf2 Qc7 23. b4 Ng7 24. g4 f5 25. b5 fxg4 26. Rb1 cxb5 27. Nxb5 Qc6 28. Qc3 Bf6 29. Nb4 Qe4 30. Na6+ bxa6 31. Na3+ Ka8 32. c5 Bh4+ 33. g3 Bg5 34. Re1 Nf5 35. Nc4 Rd3 36. Qxe5 Rd2+ 0-1